Baltasar de Ayala y el derecho de la guerra

Gorde:
Xehetasun bibliografikoak
Egile nagusia: Peralta, Jaime (Egilea)
Formatua: Liburua
Hizkuntza:gaztelania
Argitaratua: Madrid Insula 1964
Gaiak:
Etiketak: Etiketa erantsi
Etiketarik gabe, Izan zaitez lehena erregistro honi etiketa jartzen!

MARC

LEADER 00000nam a2200000 a 4500
001 UCT9422
003 CL-VaPUC
008 970404e19640000SP |||||||||||||||||spa|d
082 0 4 |a 341.6  |b PER  |2 21 
100 0 |a Peralta, Jaime  |e author  |9 382093 
245 1 0 |a Baltasar de Ayala y el derecho de la guerra 
300 |a 164 p 
942 |c BK 
945 |d 19970404 00:00:00  |a paguirre 
260 |a Madrid  |b Insula  |c 1964 
650 0 |a Guerra  |9 255876 
650 0 |a Defensa  |9 258306 
650 0 |a Agresión bélica   |9 372405 
650 0 |a Derecho internacional  |9 255637 
650 0 |a Historia  |9 255047 
583 |a last modification  |c 19970404 00:00:00  |k Rodrigo Vera 
999 |c 257823  |d 257821 
952 |0 0  |1 0  |4 0  |6 341_600000000000000_PER_1964  |7 0  |8 A  |9 281492  |a BIBDER  |b BIBDER  |d 2019-11-19  |i 1824732  |o 341.6 PER 1964  |p 1824732  |r 2023-01-25  |w 2019-11-19  |y BK  |k DER